000 01575cam a22003374a 4500
001 14087406
003 OSt
005 20160608153323.0
008 050825s2006 vaua b 001 0 eng
010 _a 2005024850
020 _a9781416602699 (pbk. : alk. paper)
020 _a1416602690 (pbk. : alk. paper)
040 _aDLC
_cDLC
_dDLC
042 _apcc
043 _an-us---
050 0 0 _aQA 13
_b.P45 2006
082 _aGLT 510.71273
_bP36 2006
100 1 _aPelfrey, Ron,
_d1944-
_922400
245 1 4 _aThe mathematics program improvement review :
_ba comprehensive evaluation process for K-12 schools /
_cRon Pelfrey.
260 _aAlexandria, Va. :
_bAssociation for Supervision and Curriculum Development,
_c2006
300 _a219 p. :
_bill. ;
_c28 cm.
504 _aIncludes bibliographical references (p. 212-214) and index.
505 0 _aWhat is a mathematics program improvement review? -- Planning for the review -- The standards -- The questionnaires -- The interviews -- The classroom observations -- Other data sources -- The final report.
650 0 _aMathematics
_xStudy and teaching
_zUnited States
_xEvaluation.
_922401
650 0 _aMathematical readiness
_xEvaluation.
_922402
856 4 1 _3Table of contents
_uhttp://www.loc.gov/catdir/toc/ecip0518/2005024850.html
906 _a7
_bcbc
_corignew
_d1
_eecip
_f20
_gy-gencatlg
942 _2lcc
_cBK
999 _c12506
_d12506